Composição florística de trepadeiras ocorrentes em bordas de fragmentos de floresta estacional, Santa Maria, Rio Grande do Sul, Brasil (Registro n. 328578)
[ somente texto ]
| 000 -LÍDER | |
|---|---|
| fixed length control field | 03457nab a2200277 i 4500 |
| 003 - CÓDIGO MARC DA AGÊNCIA CATALOGADORA | |
| Campo de controle | BR-BrBNA |
| 005 - DATA E HORA DA ÚLTIMA ATUALIZAÇÃO | |
| Campo de controle | 20241112104228.0 |
| 008 - CAMPO DE TAMANHO FIXO | |
| fixed length control field | 241112b2009 bl.qr|pooa||| 00| 0 por | |
| 040 ## - FONTE DA CATALOGAÇÃO | |
| Agência catalogadora | BR-BrBNA |
| Idioma da catalogação | por |
| 072 ## - CATEGORIA AGRIS | |
| Código AGRIS | F70 |
| Código do objeto | 3304 |
| 072 ## - CATEGORIA AGRIS | |
| Código AGRIS | K10 |
| 100 ## - ENTRADA PRINCIPAL - NOME PESSOAL | |
| Nome pessoal | Durigon, Jaqueline |
| 100 ## - ENTRADA PRINCIPAL - NOME PESSOAL | |
| Nome pessoal | Canto-Dorow, Thais Scotti do |
| 100 ## - ENTRADA PRINCIPAL - NOME PESSOAL | |
| Nome pessoal | Eisinger, Sônia Maria |
| 245 ## - TÍTULO PRINCIPAL | |
| Título principal | Composição florística de trepadeiras ocorrentes em bordas de fragmentos de floresta estacional, Santa Maria, Rio Grande do Sul, Brasil |
| 500 ## - NOTA GERAL | |
| Nota geral | Publicação on-line; 24 ref.; 1 table; 2 illus.; Summaries (En, Pt) |
| 942 ## - ADDED ENTRY ELEMENTS (KOHA) | |
| Koha item type | Analítica |
| 520 ## - NOTA DE RESUMO | |
| Nota de conteúdo | <br/>RESUMO<br/><br/>(Composição florística de trepadeiras ocorrentes em bordas de fragmentos de floresta estacional, Santa<br/>Maria, Rio Grande do Sul, Brasil) Foi realizado o levantamento das espécies de trepadeiras ocorrentes em bordas<br/>de fragmentos de floresta estacional em Santa Maria, RS. As coletas foram quinzenais, durante o período de<br/>março de 2006 a março de 2007, e se restringiram às margens dos fragmentos florestais que se estendem ao longo<br/>das principais rodovias de acesso ao município. Com base no modo de ascensão, hábito e ocorrência, as<br/>espécies foram classificadas respectivamente em: trepadeiras volúveis, com gavinhas ou apoiantes; herbáceas<br/>ou lenhosas; raras, ocasionais ou abundantes. Foram registradas 73 espécies, distribuídas em 47 gêneros e 24<br/>famílias. Apocynaceae (nove espécies), Sapindaceae (oito), Bignoniaceae (sete), Convolvulaceae (sete) e<br/>Passifloraceae (seis) foram as famílias de maior riqueza específica. Constatou-se o predomínio de trepadeiras<br/>volúveis, seguido pelas formas dotadas de gavinhas e das apoiantes. O hábito herbáceo prevaleceu sobre o<br/>lenhoso e, quanto à ocorrência, a maioria das espécies foi abundante, seguida pelas ocasionais e raras.<br/><br/>Palavras-chave: fragmentos florestais, plantas trepadoras, lianas. |
| 520 ## - NOTA DE RESUMO | |
| Nota de conteúdo | <br/>ABSTRACT<br/><br/>(Floristic composition of climbers along the edges of seasonal forest fragments, Santa Maria, Rio Grande do<br/>Sul, Brazil) A survey of climbing species growing along the edge of seasonal forest fragments in Santa Maria,<br/>RS, was carried out. Collections were made between March 2006 and March 2007, only at the edge of forest<br/>fragments found along main access roads. Based on climbing pattern, habit, and occurrence, the species were<br/>classified into: twiners, plants with tendrils or scandent; herbaceous or woody; rare, occasional or abundant.<br/>Seventy three species were registered, distributed in 47 genera, and 24 families. Apocynaceae (nine species),<br/>Sapindaceae (eight), Bignoniaceae (seven), Convolvulaceae (seven) and Passifloraceae (six) were the families<br/>with the highest species richness. Twiners were dominant, followed by forms with tendrils, and scandent<br/>forms. Herbaceous habit was predominant over woody and, regarding to the occurrence, most species were<br/>considered abundant, followed by occasional and rare.<br/><br/>Key words: forest fragments, climbing plants, lianas. |
| 650 ## - ASSUNTO - THESAGRO | |
| Cabeçalho tópico ou nome geográfico | FLORESTA |
| 650 ## - ASSUNTO - THESAGRO | |
| Cabeçalho tópico ou nome geográfico | TREPADEIRA |
| 650 ## - ASSUNTO - THESAGRO | |
| Cabeçalho tópico ou nome geográfico | COMPOSIÇÃO BOTÂNICA |
| 773 0# - ENTRADA ANALÍTICA | |
| Host Biblionumber | 709 |
| Registro do item | 346144 |
| Imprenta | Rio de Janeiro-RJ Jardim Botanico do Rio de Janeiro 1935 |
| Outro identificador | 2024-6791 |
| Título | Rodriguésia (Brazil) |
| ISSN | 0370-6583; 2175-7860 on-line |
| Colação | v. 60(2) p. 415-422; (2009) |
| Número de controle de registro | BR2024003537 |
| 856 ## - ACESSO E ENDEREÇO ELETRÔNICO | |
| Identificador uniforme de recurso - URI | https://www.scielo.br/j/rod/a/sXwtpsD3nXLWcrbdKQQGcGq/?format=pdf&lang=pt |
Nenhum exemplar disponível.

BINAGRI